000 00242nam a2200097Ia 4500
001 805690
005 20250826171157.0
008 250824s9999 xx 000 0 und d
245 0 _aMAHUR BESTE
_cAHMET HAMDİ TANPINAR
260 _bDERGAH YAYINLARI
999 _c805690
_d805690